01397 a2200205 4500003000500000005001700005040000900022082001400031100002300045245006900068260003200137300001100169505058700180650002700767942001200794999001900806952012200825952012200947952012201069Nust20221027111033.0 cNust a621.3,WAL aWall, T.F.9101169 aTest papers and Solutions on Electrical Engineering /cT.F. Wall aLondonbGeorge Newnesc1947 a 312:p aFundamentals Units (Page-1), Structure of Atom (Page-7), Coulombs Law (Page-29), Capacitance (Page-39), Current Distributors and networks (Page-63), Thermo Electricity (Page-78), Magnetism (Page-91), Electromagnetism (Page-114), Alternating Currents (Page-129), Oscillating Systems (Page-148), Single Phase and Three Phase Alternating current systems (Page-176), Some graphical Methods (Page-190), Non sinusoidal Wave from (Page-213), The Penetration of alternating magnetic (Page-229), Propagation of electric energy (Page-249), The Propagation of electromagnetic waves (Page-289). aElectrical Engineering 2ddccBK c179402d179402 00102ddc4070aMCSbMCScGENd2016-12-12o621.3,WALpMCS5437r2016-12-08w2016-12-12yBKzAlmirah No.28, Shelf No.4 00102ddc4070aMCSbMCScGENd2016-12-12o621.3,WALpMCS5438r2016-12-08w2016-12-12yBKzAlmirah No.28, Shelf No.4 00102ddc4070aMCSbMCScGENd2016-12-12o621.3,WALpMCS5439r2016-12-08w2016-12-12yBKzAlmirah No.28, Shelf No.4